[Event "TUR-ch Men 2018"]
[Site "Kemer"]
[Date "2018.10.17"]
[Round "5.3"]
[White "Soylu, Suat"]
[Black "Gunduz, Umut Erdem"]
[Result "1-0"]
[WhiteElo "2327"]
[BlackElo "2205"]
[Annotator "TA"]
[PlyCount "101"]
[EventDate "2018.10.26"]
[EventType "tourn"]
[EventCountry "TUR"]
[SourceTitle "playchess.com"]
[Source "ChessBase"]
[SourceQuality "1"]

{[%evp 13,101,21,29,6,8,12,11,0,0,0,0,0,0,0,11,-32,-16,-38,-33,-37,-17,-39,-30,-32,0,0,0,0,27,0,0,0,39,27,44,0,0,0,0,0,25,35,64,0,227,222,327,300,268,189,178,182,195,187,449,427,423,429,420,425,420,414,404,400,398,392,461,468,606,557,711,747,685,637,717,772,707,664,802,789,5891,3313,12822,2763,12837,12836,12839,12836,12843,12843]} 1. e4 e5 2. Nf3 Nc6 3. Bb5 Nf6 4. d3 {[%cal Bd2d3,Bd3d4][%mdl 32]} Bc5 5. c3 Qe7 6. O-O O-O 7. d4 Bb6 $1 {LiveBook: 4 Games} 8. Bg5 {Black must now prevent Bxc6. C65: Ruy Lopez: Berlin Defence (3...Nf6), unusual lines and 4 0-0 Bc5} d6 9. a4 {Hoping for Bxc6.} a5 10. Re1 {The position is equal.} Bg4 11. Bxc6 $146 ({Predecessor:} 11. d5 Nb8 12. h3 Bc8 13. Na3 c6 14. Bf1 h6 15. Bc1 cxd5 16. exd5 {1-0 (34) Aronian,L (2551)-Schlindwein,R (2441) Germany 2000}) 11... bxc6 12. dxe5 dxe5 13. Nbd2 Rfd8 14. Qc2 h6 15. Be3 Nd7 16. h3 Bh5 17. g4 Bg6 18. Nc4 Qe6 19. Nxb6 cxb6 20. Nh4 Qc4 21. Nf5 Bxf5 22. exf5 c5 23. Rad1 Nf6 {[%cal Bd7f6,Bf6e4,Be4c3][%mdl 32]} 24. b3 Qe4 25. Qxe4 Nxe4 26. c4 Nc3 27. Rd2 f6 $1 28. f4 (28. f3 $14) 28... Rxd2 $2 (28... e4 $11 {and Black stays safe.}) 29. Bxd2 $11 {[%mdl 4096] Endgame KRB-KRN} Na2 (29... Rd8 {was necessary.}) 30. fxe5 $18 fxe5 31. Ra1 Nb4 {[#]} 32. Bxb4 $1 axb4 {[#] KR-KR} 33. Rd1 $1 Kf7 $2 (33... Rf8 34. Kg2 g6) 34. Rd6 Ke7 35. Rxb6 Rd8 36. Re6+ Kf7 37. Rxe5 Rd3 38. Kg2 Rxb3 39. Rxc5 Rc3 40. a5 {White is clearly winning.} Ke7 41. a6 Ra3 42. Rb5 Rxa6 43. Rxb4 Ra3 44. Rb6 Rc3 45. Rc6 Kf7 46. h4 Ke7 47. g5 h5 48. Rc7+ Kf8 49. c5 {[%cal Bc4c5,Bc5c6][%mdl 32]} Rc4 50. c6 Rxh4 51. Rd7 {Precision: White = 67%, Black = 29%.} 1-0

[Event "TUR-ch Men 2018"]
[Site "Kemer"]
[Date "2018.10.17"]
[Round "5.4"]
[White "Koksal, Ege"]
[Black "Ozen, Deniz"]
[Result "1-0"]
[WhiteElo "2351"]
[BlackElo "2411"]
[Annotator "TA"]
[PlyCount "137"]
[EventDate "2018.10.26"]
[EventType "tourn"]
[EventCountry "TUR"]
[SourceTitle "playchess.com"]
[Source "ChessBase"]
[SourceQuality "1"]

{[%evp 22,137,-19,0,6,0,0,0,0,0,63,64,75,66,55,70,70,61,67,68,86,81,165,170,169,158,187,188,200,182,182,186,179,183,374,116,164,119,125,120,130,108,139,100,86,77,77,63,104,106,97,98,104,102,102,102,110,107,127,126,125,120,152,148,170,152,236,228,262,262,372,370,360,357,351,325,584,555,1116,1095,1081,1058,966,896,1020,879,1297,907,1850,1953,2070,571,562,553,1652,1608,1583,1589,1355,1232,2048,1748,2031,1629,29973,29975,29977,29977,29978,29980,29981,29981,29981,29981,29981,29982,29981,29981]} 1. d4 Nf6 2. Nf3 g6 3. c4 Bg7 4. Nc3 d5 5. Bg5 Ne4 6. cxd5 Nxg5 7. Nxg5 e6 8. Nf3 exd5 9. b4 O-O 10. e3 Qd6 11. Qb3 {D91: Grünfeld: 4 Nf3 Bg7 5 Bg5} c6 12. Be2 {LiveBook: 26 Games} Nd7 (12... Bg4 13. O-O Nd7 14. b5 Nb6 15. Rfc1 c5 16. dxc5 Qxc5 17. Nd4 Bxe2 18. Ncxe2 Nc4 19. Rc2 Rac8 20. Rac1 Rfd8 {1-0 (61) Gunina,V (2506)-Popov,I (2656) Moscow 2013}) 13. b5 $146 {The position is equal.} ({Predecessor:} 13. O-O Nf6 14. Rfc1 Bf5 15. b5 Ne4 16. bxc6 bxc6 17. Nxe4 Bxe4 {1-0 (52) Abbasov,F (2531)-Sevdimaliyev,U (2390) Julfa 2016}) 13... Nb6 14. O-O c5 15. Qa3 Nd7 ({Better is} 15... Be6 $11) 16. Rad1 $14 b6 17. dxc5 Qxc5 18. Qxc5 Nxc5 19. Nxd5 Bb7 20. Bc4 Rae8 21. Nd4 {[%cal Bf3d4,Bd4c6,Bc6e7][%mdl 32]} Na4 (21... Kh8 $16) 22. Nc6 $18 Nb2 23. Rc1 Re4 24. Bb3 Nd3 25. Nce7+ Kh8 26. Rc7 Nc5 27. Nc6 Be5 $2 {[#]} (27... Ree8 28. Rc1 Bxc6) 28. Re7 $2 (28. Rxb7 $1 $18 {[%mdl 512] and the rest is easy.} Nxb7 29. f3 (29. Nxa7 Nc5 $16) 29... Bxh2+ 30. Kxh2) 28... Bb8 29. Rxe4 Nxe4 30. Rd1 Kg7 31. Nde7 Bd6 32. Rd4 Bxe7 33. Rxe4 Bc5 34. Rf4 Bxc6 35. bxc6 $14 {[%mdl 4096] Endgame Black must now prevent c7. KRB-KRB} Bd6 36. Ra4 a5 37. Rd4 Rd8 38. a4 Bc7 39. Bd5 f5 40. f4 Kf6 41. Kf2 Ke7 42. Kf3 Rd6 43. h3 h5 (43... h6 $16 {might work better.} 44. h4 Kf6) 44. g4 $18 hxg4+ 45. hxg4 Kf6 (45... Rd8 {keeps fighting.} 46. g5 Kf8) 46. g5+ Ke7 47. Ke2 Rd8 48. Kd3 Rh8 $2 {[#]} (48... Bd6 49. Kc4 Bc5) 49. Bf7 $1 {[%mdl 512] Strongly threatening Rd7+.} Kxf7 {KRB-KR} 50. Rd7+ Ke6 51. Rxc7 {KR-KR} Kd6 52. Rg7 Kxc6 53. Rxg6+ Kc5 54. Rf6 Kb4 55. Rxb6+ Kxa4 56. Rf6 (56. g6 $142 Rd8+ 57. Kc4) 56... Kb4 57. Rxf5 Rd8+ 58. Ke4 a4 59. Rf7 Ra8 60. Rb7+ Kc3 61. Rb1 Re8+ 62. Kf5 Rxe3 63. g6 {White mates.} a3 64. g7 Rg3 65. Kf6 Kd4 66. f5 Ke4 67. Kf7 a2 68. Ra1 Rg2 69. g8=Q {Precision: White = 77%, Black = 31%.} 1-0

[Event "TUR-ch Men 2018"]
[Site "Kemer"]
[Date "2018.10.17"]
[Round "5.5"]
[White "Sevgi, Volkan"]
[Black "Gulbas, Cemil"]
[Result "1/2-1/2"]
[WhiteElo "2296"]
[BlackElo "2393"]
[Annotator "TA"]
[PlyCount "66"]
[EventDate "2018.10.26"]
[EventType "tourn"]
[EventCountry "TUR"]
[SourceTitle "playchess.com"]
[Source "ChessBase"]
[SourceQuality "1"]

{[%evp 18,66,5,-3,1,4,-3,10,0,0,2,0,0,0,0,11,25,33,28,17,43,-21,0,0,0,0,0,-38,-16,-45,-18,-54,0,0,0,0,0,0,0,0,0,0,0,0,0,0,0,0,0,0,0]} 1. e4 c5 2. Nc3 Nc6 3. g3 g6 4. Bg2 Bg7 5. d3 d6 6. Be3 Nd4 7. Qd2 e5 8. Nd1 Ne7 9. c3 {B26: Closed Sicilian: 3 g3, lines with early Be3} Ne6 10. Bh6 {LiveBook: 9 Games} Bxh6 11. Qxh6 f5 $146 ({Predecessor:} 11... Ng8 12. Qd2 h5 13. Nf3 Nf6 14. Ne3 Bd7 15. O-O-O b5 16. Kb1 Qa5 {1-0 (42) Stepovoj,V (2359)-Juzbashev,V (2087) Riazan 2009}) 12. exf5 Nxf5 13. Qd2 Qb6 14. Ne3 Nxe3 15. fxe3 Bd7 16. Nh3 O-O-O 17. O-O Rdf8 18. c4 Bc6 19. Bd5 (19. Rxf8+ $14 Rxf8 20. Rf1) 19... Bxd5 $11 20. cxd5 Nc7 {[%cal Be6c7,Bc7a6,Ba6b4][%mdl 32]} 21. Qg2 Qb5 22. Rfd1 Qd7 23. a4 Kb8 24. b3 h6 (24... Qg7 $15) 25. Rf1 {The position is equal.} Na6 26. Rxf8+ Rxf8 27. Rf1 Rf7 (27... Rxf1+ {feels hotter.} 28. Qxf1 Nb4 29. e4 Qe7 30. Nf2 h5) 28. Rxf7 Qxf7 29. e4 $1 Nb4 30. Qe2 $1 Qf6 31. Kg2 Kc7 32. Qd2 g5 33. Nf2 h5 {Precision: White = 75%, Black = 52%.} 1/2-1/2

[Event "TUR-ch Men 2018"]
[Site "Kemer"]
[Date "2018.10.17"]
[Round "5.6"]
[White "Baglan, Esat"]
[Black "Soysal, Serkan"]
[Result "1/2-1/2"]
[WhiteElo "2343"]
[BlackElo "2415"]
[Annotator "TA"]
[PlyCount "61"]
[EventDate "2018.10.26"]
[EventType "tourn"]
[EventCountry "TUR"]
[SourceTitle "playchess.com"]
[Source "ChessBase"]
[SourceQuality "1"]

{[%evp 27,61,32,31,29,40,41,39,18,21,19,23,19,19,18,18,12,16,7,6,7,16,13,16,0,0,0,0,0,0,0,0,0,0,0,0,0]} 1. e4 e5 2. Nf3 Nc6 3. Bb5 Nf6 4. O-O Nxe4 5. Re1 Nd6 6. Nxe5 Be7 7. Bf1 Nxe5 8. Rxe5 O-O 9. d4 Bf6 10. Re1 Nf5 11. c3 d5 {C67: Ruy Lopez: Berlin Defence: 4 0-0 Nxe4} 12. Nd2 (12. Bf4 c6 13. Nd2 Nh4 14. Bd3 Bf5 15. Bxf5 Nxf5 16. Nf3 Qd7 17. Ne5 Bxe5 18. Rxe5 f6 19. Re1 {½-½ (27) Adams,M (2715)-Aronian,L (2805) London 2017}) 12... c6 13. Nf3 Nh4 14. Nxh4 Bxh4 {LiveBook: 5 Games} 15. g3 $146 ({Predecessor:} 15. Bd3 g6 16. Bf4 Bg5 17. Be5 Re8 18. Qc2 Bh6 19. Bg3 {1-0 (72) Wang,J (2391)-Kung,T (2132) Irving 2018}) 15... Bg5 16. Bxg5 Qxg5 17. Qc1 (17. Bd3 {is interesting.} Qd8 18. Qd2 Bd7 19. Re5 Re8 20. Rxe8+ Qxe8 21. Re1) 17... Qxc1 18. Raxc1 Be6 19. f3 Rfe8 {The position is equal.} 20. Kf2 Kf8 21. Re3 Bd7 22. Rce1 Rxe3 23. Rxe3 $11 {[%mdl 4096] Endgame KRB-KRB} Re8 24. Bd3 h6 25. h4 g5 26. hxg5 hxg5 27. f4 f6 28. Bc2 Rxe3 29. Kxe3 Ke7 30. Bd3 Be6 31. Be2 {Precision: White = 35%, Black = 84%.} 1/2-1/2

[Event "TUR-ch Men 2018"]
[Site "Kemer"]
[Date "2018.10.17"]
[Round "6.1"]
[White "Erdogdu, Mert"]
[Black "Soysal, Serkan"]
[Result "1/2-1/2"]
[WhiteElo "2406"]
[BlackElo "2415"]
[Annotator "ChessBase"]
[PlyCount "114"]
[EventDate "2018.10.26"]
[EventType "tourn"]
[EventCountry "TUR"]
[SourceTitle "playchess.com"]
[Source "ChessBase"]
[SourceQuality "1"]
[TimeControl "5400+30"]

1. c4 {[%emt 0:00:30]} c6 {[%emt 0:01:30]} 2. e4 {[%emt 0:00:00]} d6 {[%emt 0:05:30]} 3. d4 {[%emt 0:00:00]} g6 {[%emt 0:01:30]} 4. Nc3 {[%emt 0:00:30]} Bg7 {[%emt 0:00:00]} 5. Be3 {[%emt 0:02:30]} a6 {[%emt 0:04:00]} 6. Nf3 {[%emt 0:07:30]} Nd7 {[%emt 0:08:30]} 7. Be2 {[%emt 0:04:30]} Ngf6 {[%emt 0:03:30]} 8. O-O {[%emt 0:05:30]} O-O {[%emt 0:03:30]} 9. Nd2 {[%emt 0:03:30]} e5 {[%emt 0:09:30]} 10. d5 {[%emt 0:01:30]} c5 {[%emt 0:00:30]} 11. a3 {[%emt 0:00:30]} Ne8 {[%emt 0:04:30]} 12. b4 {[%emt 0:02:30]} b6 {[%emt 0:10:30]} 13. bxc5 {[%emt 0:02:30]} bxc5 {[%emt 0:00:30]} 14. Rb1 {[%emt 0:02:30]} f5 {[%emt 0:01:30]} 15. Nb3 {[%emt 0:03:30]} Nef6 {[%emt 0:03:30]} 16. exf5 {[%emt 0:17:30]} gxf5 {[%emt 0:00:00]} 17. f4 {[%emt 0:01:30]} e4 {[%emt 0:16:00]} 18. Qd2 {[%emt 0:02:30]} h5 {[%emt 0:05:32]} 19. h3 {[%emt 0:02:30]} Rf7 {[%emt 0:02:46]} 20. Bf2 {[%emt 0:03:30]} Bh6 {[%emt 0:00:48]} 21. Bh4 {[%emt 0:04:30]} Qc7 {[%emt 0:06:55]} 22. Bg5 {[%emt 0:02:30]} Bg7 {[%emt 0:00:11]} 23. Nd1 {[%emt 0:00:30]} a5 {[%emt 0:00:22]} 24. Ne3 {[%emt 0:01:30]} a4 {[%emt 0:01:08]} 25. Na1 {[%emt 0:01:30]} Nf8 {[%emt 0:00:26]} 26. Nac2 {[%emt 0:01:30]} N8h7 {[%emt 0:00:51]} 27. Bh4 {[%emt 0:06:30]} Bd7 {[%emt 0:00:28]} 28. Qd1 {[%emt 0:00:30]} Rb8 {[%emt 0:03:25]} 29. Bxh5 {[%emt 0:02:19]} Nxh5 {[%emt 0:00:11]} 30. Qxh5 {[%emt 0:00:05]} Rb3 {[%emt 0:00:23]} 31. Kh1 {[%emt 0:01:45]} Qb8 {[%emt 0:02:43]} 32. Rbe1 {[%emt 0:01:50]} Qe8 {[%emt 0:00:24]} 33. Qg6 {[%emt 0:02:47]} Rb6 {[%emt 0:03:37]} 34. g4 {[%emt 0:05:08]} fxg4 {[%emt 0:00:39]} 35. hxg4 {[%emt 0:00:18]} Rf8 {[%emt 0:00:20]} 36. Qxe8 {[%emt 0:01:04]} Rxe8 {[%emt 0:00:02]} 37. f5 {[%emt 0:00:00]} Bc3 {[%emt 0:01:15]} 38. Re2 {[%emt 0:00:41]} Kg7 {[%emt 0:00:51]} 39. Kg2 {[%emt 0:01:34]} Bf6 {[%emt 0:00:48]} 40. Bxf6+ {[%emt 0:04:47]} Kxf6 {[%emt 0:00:00]} 41. Rh1 {[%emt 0:00:00]} Ng5 {[%emt 0:00:00]} 42. Kg3 {[%emt 0:00:00]} Ke5 {[%emt 0:00:00]} 43. Reh2 {[%emt 0:00:00]} Rbb8 {[%emt 0:00:00]} 44. Rh6 {[%emt 0:00:00]} Rg8 {[%emt 0:00:00]} 45. R1h5 {[%emt 0:00:00]} Rbf8 {[%emt 0:00:00]} 46. Rg6 {[%emt 0:00:00]} Rxg6 {[%emt 0:00:00]} 47. fxg6 {[%emt 0:00:00]} Kf6 {[%emt 0:00:00]} 48. g7 {[%emt 0:00:00]} Rg8 {[%emt 0:00:00]} 49. Rh6+ {[%emt 0:00:00]} Ke5 {[%emt 0:00:00]} 50. Rg6 {[%emt 0:00:00]} Nf3 {[%emt 0:00:00]} 51. Ng2 {[%emt 0:06:12]} Nd4 {[%emt 0:00:12]} 52. Nce3 {[%emt 0:00:40]} Be8 {[%emt 0:00:42]} 53. Rh6 {[%emt 0:00:24]} Rxg7 {[%emt 0:01:01]} 54. Nf4 {[%emt 0:01:22]} Bf7 {[%emt 0:01:12]} 55. Rh8 {[%emt 0:00:42]} Rg8 {[%emt 0:02:30]} 56. Rh7 {[%emt 0:00:26]} Kf6 {[%emt 0:00:54]} 57. Rh6+ {[%emt 0:01:09]} Ke5 {[%emt 0:01:23]} 1/2-1/2

[Event "TUR-ch Men 2018"]
[Site "Kemer"]
[Date "2018.10.17"]
[Round "6.2"]
[White "Gulbas, Cemil"]
[Black "Baglan, Esat"]
[Result "1/2-1/2"]
[WhiteElo "2393"]
[BlackElo "2343"]
[Annotator "NA"]
[PlyCount "51"]
[EventDate "2018.10.26"]
[EventType "tourn"]
[EventCountry "TUR"]
[SourceTitle "playchess.com"]
[Source "ChessBase"]
[SourceQuality "1"]
[TimeControl "5400+30"]

1. d4 {[%emt 0:00:30]} d5 {[%emt 0:00:30]} 2. Nf3 {[%emt 0:00:30]} Nf6 {[%emt 0:00:30]} 3. c4 {[%emt 0:00:00]} c6 {[%emt 0:00:30]} 4. Nc3 {[%emt 0:00:00]} e6 {[%emt 0:01:30]} 5. e3 {[%emt 0:01:30]} Nbd7 {[%emt 0:00:30]} 6. Bd3 {[%emt 0:00:30]} dxc4 {[%emt 0:00:30]} 7. Bxc4 {[%emt 0:00:30]} b5 {[%emt 0:00:00]} 8. Bd3 {[%emt 0:00:30]} a6 {[%emt 0:03:00]} 9. e4 {[%emt 0:03:30]} c5 {[%emt 0:00:30]} 10. d5 {[%emt 0:03:30]} c4 {[%emt 0:05:30]} 11. Bc2 {[%emt 0:04:30]} e5 {[%emt 0:15:30]} 12. O-O {[%emt 0:05:30]} Bd6 {[%emt 0:04:30]} 13. Ne2 {[%emt 0:08:30]} O-O {[%emt 0:04:30] D48: Damengambit (Meraner Variante)} 14. Ng3 {[%emt 0:00:30]} Nc5 {[%emt 0:07:30]} 15. h3 {[%emt 0:08:30]} a5 {[%emt 0:14:30]} 16. Bg5 {[%emt 0:08:30]} h6 {[%emt 0:02:30]} 17. Be3 {[%emt 0:01:30]} Re8 {[%emt 0:03:30]} 18. Qe2 $146 {[%emt 0:06:30]} ({Vorgänger:} 18. Nh4 Nfxe4 19. Ngf5 Nf6 20. Qd2 Bf8 21. Bxc5 Bxc5 {1-0 (59) Gordievsky,D (2443)-Bukavshin,I (2522) Loo 2013}) 18... a4 {[%emt 0:13:30]} 19. Bd2 {[%emt 0:21:30]} Bd7 {[%emt 0:02:26]} 20. Rfd1 {[%emt 0:11:21]} Nh7 {[%emt 0:04:52]} 21. Nh2 {[%emt 0:03:38]} Qh4 {[%emt 0:02:59]} 22. Ng4 {[%emt 0:02:10]} Nf6 {[%emt 0:05:30]} 23. Nh2 $11 {[%emt 0:00:40]} Nh7 {[%emt 0:00:24]} 24. Ng4 {[%emt 0:00:18]} Nf6 {[%emt 0:00:14]} 25. Nh2 {[%emt 0:00:18]} Nh7 {[%emt 0:00:11]} 26. Ng4 {[%emt 0:00:38]} 1/2-1/2

[Event "TUR-ch Men 2018"]
[Site "Kemer"]
[Date "2018.10.17"]
[Round "6.3"]
[White "Ozen, Deniz"]
[Black "Sevgi, Volkan"]
[Result "1-0"]
[WhiteElo "2411"]
[BlackElo "2296"]
[Annotator "NA"]
[PlyCount "141"]
[EventDate "2018.10.26"]
[EventType "tourn"]
[EventCountry "TUR"]
[SourceTitle "playchess.com"]
[Source "ChessBase"]
[SourceQuality "1"]
[TimeControl "5400+30"]

1. e4 {[%emt 0:00:30]} c5 {[%emt 0:00:30]} 2. Nf3 {[%emt 0:00:30]} d6 {[%emt 0:00:30]} 3. Bb5+ {[%emt 0:00:00]} Bd7 {[%emt 0:00:30]} 4. Bxd7+ {[%emt 0:00:00]} Qxd7 {[%emt 0:00:00]} 5. O-O {[%emt 0:00:00]} Nf6 {[%emt 0:01:00]} 6. Qe2 {[%emt 0:00:00]} Nc6 {[%emt 0:00:00]} 7. Rd1 {[%emt 0:00:00] B52: Sicilian: Moscow Variation with 3...Bd7} (7. b3 g6 8. Bb2 Bg7 9. c4 Nh5 10. Bxg7 Nxg7 11. Nc3 O-O 12. Qe3 e5 13. d3 f5 14. Nd5 f4 15. Qd2 Ne6 16. b4 {½-½ (71) Anand,V (2759)-Grischuk,A (2766) Leuven 2018}) 7... g5 {[%emt 0:00:00]} 8. c3 {[%emt 0:00:00]} g4 {[%emt 0:00:00]} 9. Nh4 {[%emt 0:00:30]} Qe6 {[%emt 0:00:00]} 10. d3 {[%emt 0:00:00]} d5 {[%emt 0:00:00]} 11. Bg5 {[%emt 0:02:00]} O-O-O {[%emt 0:01:00]} 12. Nd2 {[%emt 0:14:30]} dxe4 $146 {[%emt 0:00:30]} ({Predecessor:} 12... Rg8 13. Bf4 Nh5 14. Bg3 Nxg3 15. hxg3 {½-½ (32) Schneider,H (2157)-Petruzzelli,R (2119) ICCF email 2012}) 13. dxe4 {[%emt 0:03:30]} Rg8 {[%emt 0:28:30]} 14. Bf4 {[%emt 0:05:30]} Nh5 {[%emt 0:10:30]} 15. Be3 {[%emt 0:00:30]} Qf6 {[%emt 0:08:30]} 16. Nf5 {[%emt 0:02:30]} e6 {[%emt 0:02:30]} 17. Ng3 {[%emt 0:00:00]} Nxg3 {[%emt 0:07:30]} 18. hxg3 {[%emt 0:02:00]} h5 {[%emt 0:02:30]} 19. Nc4 {[%emt 0:04:30]} Be7 {[%emt 0:01:30]} 20. Rxd8+ {[%emt 0:02:30]} Rxd8 {[%emt 0:01:30]} 21. Rd1 {[%emt 0:00:30]} Rxd1+ {[%emt 0:02:30]} 22. Qxd1 {[%emt 0:00:30]} Kc7 {[%emt 0:17:51]} 23. Bf4+ {[%emt 0:07:30]} e5 {[%emt 0:00:21]} 24. Ne3 {[%emt 0:00:00]} Qe6 {[%emt 0:01:35]} 25. Nd5+ {[%emt 0:00:00]} Kc8 {[%emt 0:00:13]} 26. Be3 {[%emt 0:00:30]} Bd6 {[%emt 0:03:00]} 27. Qd3 {[%emt 0:03:30]} Ne7 {[%emt 0:04:04]} 28. Qc4 {[%emt 0:02:30]} Nxd5 {[%emt 0:01:24]} ({Better is} 28... b6 $1 $14) 29. exd5 {[%emt 0:00:30]} Qe7 {[%emt 0:00:00]} 30. Qe4 {[%emt 0:14:30]} Qf6 {[%emt 0:01:10]} 31. b4 {[%emt 0:01:30]} ({White should play} 31. Qh7 $16) 31... cxb4 {[%emt 0:01:52]} 32. cxb4 {[%emt 0:00:30]} Qg6 {[%emt 0:00:27]} 33. Qc4+ {[%emt 0:00:30]} Kd8 {[%emt 0:00:46] [#]} 34. a3 {[%emt 0:05:30]} ({Inferior is} 34. Bxa7 Qb1+ 35. Kh2 Qxb4 $11) (34. Qb5 $1 $18) 34... a6 {[%emt 0:00:50]} 35. Kh2 {[%emt 0:06:30]} f5 $1 {[%emt 0:00:54]} 36. Bc5 {[%emt 0:06:35]} Kd7 {[%emt 0:01:12]} 37. b5 {[%emt 0:02:50]} Bxc5 {[%emt 0:03:01]} 38. Qxc5 {[%emt 0:00:02]} axb5 {[%emt 0:00:05]} 39. Qxb5+ {[%emt 0:00:52]} Kc7 {[%emt 0:00:01]} 40. Qc5+ {[%emt 0:00:00]} Kd7 {[%emt 0:00:00]} 41. Qb5+ {[%emt 0:00:00]} Kc7 {[%emt 0:00:00]} 42. Qc5+ {[%emt 0:00:00]} Kd7 {[%emt 0:00:00]} 43. Qf8 {[%emt 0:00:00]} h4 {[%emt 0:00:00]} 44. gxh4 {[%emt 0:00:00]} f4 {[%emt 0:00:00]} 45. g3 {[%emt 0:00:00]} Qc2 {[%emt 0:00:00]} (45... fxg3+ $142 46. Kxg3 b5) 46. Qf7+ {[%emt 0:00:00]} Kd8 $18 {[%emt 0:00:00]} 47. Qf6+ {[%emt 0:00:00]} Kd7 {[%emt 0:00:00]} 48. Qe6+ {[%emt 0:00:00]} Kd8 {[%emt 0:00:00]} 49. Qb6+ {[%emt 0:00:00]} Ke8 {[%emt 0:00:00]} 50. gxf4 {[%emt 0:00:00]} g3+ {[%emt 0:04:08]} 51. Kxg3 {[%emt 0:00:00]} exf4+ {[%emt 0:00:06]} 52. Kxf4 {[%emt 0:00:00]} Qc4+ {[%emt 0:00:06]} 53. Ke5 {[%emt 0:01:41]} Qc3+ {[%emt 0:00:08]} 54. Qd4 {[%emt 0:01:30]} Qxa3 {[%emt 0:00:08]} 55. Qe3 {[%emt 0:00:30]} Qf8 {[%emt 0:01:19]} 56. d6 {[%emt 0:01:29]} Kd7 {[%emt 0:01:19]} 57. Qh3+ {[%emt 0:00:24]} Kc6 {[%emt 0:00:13]} 58. Qc3+ {[%emt 0:00:29]} Kb5 {[%emt 0:00:18]} 59. Qb3+ {[%emt 0:00:29]} Ka6 {[%emt 0:00:22]} 60. Qa4+ {[%emt 0:01:54]} Kb6 {[%emt 0:00:06]} 61. Qd4+ {[%emt 0:00:04]} Ka6 {[%emt 0:00:04]} 62. d7 {[%emt 0:06:32]} Qg7+ {[%emt 0:01:06]} 63. Ke4 {[%emt 0:01:18]} Qg4+ {[%emt 0:01:16]} 64. Ke3 {[%emt 0:00:21]} Qe6+ {[%emt 0:00:13]} 65. Kf4 {[%emt 0:00:39]} Qf7+ {[%emt 0:00:20]} 66. Kg3 {[%emt 0:00:05]} Qg8+ {[%emt 0:00:06]} 67. Kh2 {[%emt 0:00:46]} Qd8 {[%emt 0:00:06]} 68. h5 {[%emt 0:00:00]} b5 {[%emt 0:00:47]} 69. h6 {[%emt 0:00:20]} b4 {[%emt 0:00:10]} 70. h7 {[%emt 0:00:35]} Qc7+ {[%emt 0:00:07]} 71. Kh3 {[%emt 0:00:27]} 1-0

[Event "TUR-ch Men 2018"]
[Site "Kemer"]
[Date "2018.10.17"]
[Round "6.4"]
[White "Gunduz, Umut Erdem"]
[Black "Koksal, Ege"]
[Result "0-1"]
[WhiteElo "2205"]
[BlackElo "2351"]
[Annotator "NA"]
[PlyCount "100"]
[EventDate "2018.10.26"]
[EventType "tourn"]
[EventCountry "TUR"]
[SourceTitle "playchess.com"]
[Source "ChessBase"]
[SourceQuality "1"]
[TimeControl "5400+30"]

1. e4 {[%emt 0:00:30]} e5 {[%emt 0:00:30]} 2. Nf3 {[%emt 0:00:30]} Nc6 {[%emt 0:00:30]} 3. Bb5 {[%emt 0:00:30]} a6 {[%emt 0:00:30]} 4. Ba4 {[%emt 0:00:00]} d6 {[%emt 0:01:30]} 5. O-O {[%emt 0:02:00]} Bg4 {[%emt 0:01:30]} 6. d3 {[%emt 0:19:30] C72: Ruy Lopez: Deferred Steinitz: 5 0-0} (6. h3 h5 7. Bxc6+ bxc6 8. d4 Bxf3 9. Qxf3 exd4 10. e5 d5 11. c3 Bc5 12. Rd1 Qd7 13. cxd4 Bb6 14. Bg5 Ne7 15. Bxe7 Qxe7 {½-½ (36) Zhigalko,S (2641)-Fressinet,L (2662) Katowice 2017}) 6... Qf6 {[%emt 0:03:30]} 7. Nbd2 {[%emt 0:00:30]} Nge7 {[%emt 0:00:30]} 8. h3 {[%emt 0:08:30]} Bd7 $146 {[%emt 0:00:00]} ({Predecessor:} 8... h5 9. Bxc6+ bxc6 10. c3 Ng6 11. Qa4 Kd7 12. d4 Nf4 13. d5 Rb8 14. Qxc6+ {0-1 (31) Budnikova,V (1767)-Potapenko,G Samara 2014}) 9. Bxc6 {[%emt 0:06:30]} Nxc6 {[%emt 0:02:00]} 10. Nc4 {[%emt 0:00:30]} h6 {[%emt 0:00:00]} 11. Ne3 {[%emt 0:00:30]} O-O-O {[%emt 0:02:00]} 12. Nd5 {[%emt 0:13:30]} Qg6 {[%emt 0:01:30]} 13. Nh4 {[%emt 0:01:30]} Qh7 {[%emt 0:00:30]} 14. Be3 {[%emt 0:15:30]} Be7 {[%emt 0:06:30]} 15. Nf3 {[%emt 0:00:00]} f5 {[%emt 0:00:30]} 16. exf5 {[%emt 0:08:00]} Qxf5 {[%emt 0:01:30]} 17. b4 {[%emt 0:06:07]} Be6 {[%emt 0:00:30]} 18. Nxe7+ {[%emt 0:00:00]} Nxe7 {[%emt 0:00:00]} 19. b5 {[%emt 0:01:07]} axb5 {[%emt 0:00:00]} 20. a4 {[%emt 0:03:17]} Bd5 {[%emt 0:05:30]} 21. Nd2 {[%emt 0:02:16]} Qg6 {[%emt 0:04:30]} 22. f3 {[%emt 0:00:05]} bxa4 {[%emt 0:01:30]} 23. Rxa4 {[%emt 0:00:13]} Bc6 {[%emt 0:00:30]} 24. Ra7 {[%emt 0:02:25]} Nd5 {[%emt 0:09:30]} 25. Qe2 {[%emt 0:00:13]} Rhe8 {[%emt 0:00:30]} 26. Nc4 {[%emt 0:02:04]} Kd7 {[%emt 0:01:30]} 27. Rfa1 {[%emt 0:06:20]} Nf4 {[%emt 0:15:30]} 28. Bxf4 {[%emt 0:00:30]} exf4 {[%emt 0:00:30]} 29. Qf2 {[%emt 0:00:01]} Qg3 {[%emt 0:00:30]} 30. Na5 {[%emt 0:01:34]} Qxf2+ {[%emt 0:02:30]} 31. Kxf2 {[%emt 0:00:02]} Re6 {[%emt 0:01:30]} 32. Re1 {[%emt 0:00:43]} {Black should try} Rxe1 $17 {[%emt 0:01:30]} (32... Re5 {[%emt 0:01:30]}) 33. Kxe1 {[%emt 0:00:30]} Re8+ {[%emt 0:00:30]} 34. Kf2 {[%emt 0:00:30]} (34. Kd2 b5 35. Nxc6 Kxc6) 34... Re5 {[%emt 0:00:30]} 35. Nc4 {[%emt 0:00:30]} Rc5 {[%emt 0:00:30]} 36. h4 {[%emt 0:00:30]} b5 {[%emt 0:00:30]} 37. Na3 $19 {[%emt 0:00:30]} b4 {[%emt 0:00:30]} 38. Nc4 {[%emt 0:00:30]} Bb5 {[%emt 0:00:30]} 39. Ra5 {[%emt 0:00:31]} Bxc4 {[%emt 0:17:53]} 40. Rxc5 {[%emt 0:00:30]} dxc5 {[%emt 0:00:00]} 41. dxc4 {[%emt 0:00:00]} Kd6 {[%emt 0:00:00]} 42. Ke2 {[%emt 0:00:00]} Ke5 {[%emt 0:00:00]} 43. Kd3 {[%emt 0:00:00]} h5 {[%emt 0:00:00]} 44. c3 {[%emt 0:00:00]} b3 {[%emt 0:00:00]} 45. Kd2 {[%emt 0:00:00]} Kf5 {[%emt 0:00:00]} 46. Kc1 {[%emt 0:00:00]} g5 {[%emt 0:00:00]} 47. Kb2 {[%emt 0:00:00]} gxh4 {[%emt 0:00:00]} 48. Kxb3 {[%emt 0:00:00]} h3 {[%emt 0:00:00]} 49. gxh3 {[%emt 0:00:00]} Kg5 {[%emt 0:00:00]} 50. Ka4 {[%emt 0:00:00]} Kh4 {[%emt 0:00:00]} 0-1